Sigamos adelante: Etapa de prelectura. Cuaderno de trabajo para el alumno

Spremljeno u:
Bibliografski detalji
Format: Knjiga
Jezik:španjolski
Izdano: Santiago Centro de Perfeccionamiento, Experimentación e Investigaciones Pedagógicas 1974
Teme:
Oznake: Dodaj oznaku
Bez oznaka, Budi prvi tko označuje ovaj zapis!

MARC

LEADER 00000nam a2200000 a 4500
001 UCH9836
003 CL-VaPUC
008 100121e19740000CL |||||||||||||||||spa|d
082 0 4 |a 372.4  |b SIG  |2 21 
245 1 0 |a Sigamos adelante: Etapa de prelectura. Cuaderno de trabajo para el alumno 
300 |a 40 p 
942 |c BK 
945 |d 20100121 00:00:00  |a dcastane 
260 |a Santiago  |b Centro de Perfeccionamiento, Experimentación e Investigaciones Pedagógicas  |c 1974 
650 0 |a Lectura  |9 307634 
650 0 |a Enseñanza de la lectura  |9 308364 
650 0 |a Métodos de enseñanza  |9 270413 
650 0 |a Apresto lectoescritura  |9 309297 
583 |a last modification  |c 20100121 00:00:00  |k Rodrigo Vera 
999 |c 339723  |d 339721 
952 |0 0  |1 0  |4 0  |6 372_400000000000000_SIG_1974  |7 0  |8 P  |9 433527  |a BIBEDU  |b BIBEDU  |c BIBEDU_PB  |d 2019-11-22  |i 4637941  |o 372.4 SIG 1974  |p 4637941  |r 2024-01-25  |w 2019-11-22  |y BK  |k EBA